| 000 | 00939nam a2200301 i 4500 | ||
|---|---|---|---|
| 003 | EG-ScBUE | ||
| 005 | 20230226025153.0 | ||
| 008 | 170201s2015 cc o f 000 0 mul d | ||
| 020 | _a9787553719498 | ||
| 040 |
_aEG-ScBUE _beng _erda _cEG-ScBUE _dEG-ScBUE |
||
| 041 | 1 |
_aeng _achi |
|
| 082 | 0 | 4 |
_a729.1 _bARC _222 |
| 245 | 0 | 0 |
_aArchitectural Facade. _nII, _pArchitectural material manual. |
| 246 | 3 | 0 | _aArchitectural material manual |
| 264 | 1 |
_a[Shenzen] : _bHKPIP, _c2015. |
|
| 300 |
_a3 volumes : _bphotographs (color) ; _c33 cm |
||
| 336 |
_2rdacontent _atext _btxt |
||
| 337 |
_2rdamedia _aunmediated _bn |
||
| 338 |
_2rdacarrier _avolume _bnc |
||
| 505 | 0 | _aVolume 1. Metal -- Volume 2. Concrete -- Volume 3. Wood. | |
| 546 | _aText in English and Chinese. | ||
| 650 | 7 |
_aExterior walls. _2BUEsh |
|
| 650 | 7 |
_aFacades. _2BUEsh |
|
| 651 | _2BUEsh | ||
| 653 |
_bENGARC _cFebruary2017 |
||
| 655 | _vReading book | ||
| 942 |
_2ddc _cBB |
||
| 999 |
_c24061 _d24033 |
||